000 00413nam a2200181Ia 4500
005 20250423095631.0
008 250422s9999 xx 000 0 und d
020 _a9789780691707
050 _aPR 9387 .U86/
100 _aUsman, Adamu Kyuka
245 0 _aHope in anarchy
260 _aIbadan
260 _bUniversity Press Plc
260 _c2007
300 _a199 p
650 _aLiterature
942 _cBK
999 _c30867
_d30867